Pop down your local.
Gone are the days of dusty books and keeping quiet, this programme shows how schools can successfully link with their local public library, using a variety of resources and technologies. Werrington district library in Peterborough, Cambridgeshire, serves three local secondary schools, including Ken...
| Corporate Author: | |
|---|---|
| Format: | Video |
| Language: | English |
| Language Notes: | This edition in English. |
| Published: |
[London] :
Teachers TV/UK Dept. of Education,
2006.
|
| Series: | Education in video
Using libraries ; 2 |
| Subjects: | |
| Online Access: | Connect to this streaming video (Alexander Street Press) |
MARC
| Tag | First Indicator | Second Indicator | Subfields |
|---|---|---|---|
| LEADER | 00000cgm a2200000Ma 4500 | ||
| 001 | in00005534026 | ||
| 006 | m o c | ||
| 007 | vz |zazu| | ||
| 008 | 120229s2006 enk014 o vleng d | ||
| 005 | 20241201225354.6 | ||
| 035 | |a (OCoLC)ocn815798275 | ||
| 040 | |a ALSTP |b eng |e pn |c ALSTP |d OCLCO |d OCLCQ |d VZF |d OCLCQ |d OCLCA |d OCLCQ |d EZ9 |d OCLCF |d MNI |d INT |d OCLCQ |d WYU |d OCLCQ |d OCLCO | ||
| 019 | |a 1112297751 | ||
| 035 | |a (OCoLC)815798275 |z (OCoLC)1112297751 | ||
| 050 | 4 | |a PN1200eb | |
| 049 | |a TXAM | ||
| 245 | 0 | 0 | |a Pop down your local. |
| 260 | |a [London] : |b Teachers TV/UK Dept. of Education, |c 2006. | ||
| 300 | |a 1 online resource (14 min.). | ||
| 336 | |a two-dimensional moving image |b tdi |2 rdacontent | ||
| 337 | |a computer |b c |2 rdamedia | ||
| 338 | |a online resource |b cr |2 rdacarrier | ||
| 347 | |a video file |2 rda | ||
| 490 | 0 | |a Education in video | |
| 490 | 0 | |a Using libraries ; |v 2 | |
| 500 | |a Title from resource description page (viewed Mar. 5, 2012). | ||
| 520 | |a Gone are the days of dusty books and keeping quiet, this programme shows how schools can successfully link with their local public library, using a variety of resources and technologies. Werrington district library in Peterborough, Cambridgeshire, serves three local secondary schools, including Ken Stimpson Community School, with which it shares a site. The library encourages whole classes to access its resources, by supporting direct communications between its staff and teachers. Many secondary teachers use the library to hold lessons and conduct subject research. The library also has a strong relationship with local primary schools, who are encouraged by the staff to use the facilities frequently. William Law School visit the library every two weeks to take out books. Teacher Selina Pacey has found the library offers invaluable resources for her class. | ||
| 546 | |a This edition in English. | ||
| 650 | 0 | |a Libraries. | |
| 650 | 0 | |a Libraries and schools. | |
| 650 | 0 | |a Libraries in education. | |
| 650 | 0 | |a Library resources. | |
| 650 | 0 | |a Library research. | |
| 650 | 0 | |a Library Web sites. | |
| 650 | 2 | |a Libraries | |
| 650 | 6 | |a Bibliothèques. | |
| 650 | 6 | |a Bibliothèques et écoles. | |
| 650 | 6 | |a Fonds documentaires. | |
| 650 | 6 | |a Recherche documentaire. | |
| 650 | 6 | |a Sites Web de bibliothèques. | |
| 650 | 7 | |a Libraries. |2 fast |0 (OCoLC)fst00997341 | |
| 650 | 7 | |a Libraries and schools. |2 fast |0 (OCoLC)fst00997562 | |
| 650 | 7 | |a Library research. |2 fast |0 (OCoLC)fst00997891 | |
| 650 | 7 | |a Library resources. |2 fast |0 (OCoLC)fst00997893 | |
| 650 | 7 | |a Library Web sites. |2 fast |0 (OCoLC)fst00997604 | |
| 655 | 4 | |a Alexander Street Video. | |
| 655 | 7 | |a Instructional television programs. |2 fast |0 (OCoLC)fst01726126 | |
| 655 | 7 | |a Instructional television programs. |2 lcgft | |
| 655 | 7 | |a Émissions pédagogiques télévisées. |2 rvmgf | |
| 710 | 2 | |a ITV (Firm) |4 pro | |
| 776 | 0 | 8 | |i Print version: |t Pop down your local. |d [London] : Teachers TV/UK Dept. of Education, 2006 publisher catalog number |o C/0967/002 |
| 856 | 4 | 0 | |u http://proxy.library.tamu.edu/login?url=https://www.aspresolver.com/aspresolver.asp?AVN2;1780483 |z Connect to this streaming video (Alexander Street Press) |t 0 |
| 955 | |a Alexander Street Press subscription streaming video | ||
| 994 | |a 92 |b TXA | ||
| 999 | f | f | |s c4fce821-21dc-4760-b324-322ba41a558d |i 7d920391-96a0-47c8-9e79-3f91b0c63ab0 |t 0 |
| 952 | f | f | |a Texas A&M University |b College Station |c Electronic Resources |d Available Online |t 0 |e PN1200eb |h Library of Congress classification |
| 998 | f | f | |a PN1200eb |t 0 |l Available Online |